Yidisher humor un yidishe leytzim (Record no. 31504)

MARC details
000 -LEADER
fixed length control field 00808cam a22002531 4500
001 - CONTROL NUMBER
control field he 66000253
003 - CONTROL NUMBER IDENTIFIER
control field DLC
005 - DATE AND TIME OF LATEST TRANSACTION
control field 20260227111435.0
008 - FIXED-LENGTH DATA ELEMENTS--GENERAL INFORMATION
fixed length control field 910611s1963 nyu b 000 0 yido
010 ## - LIBRARY OF CONGRESS CONTROL NUMBER
LC control number he 66000253
035 ## - SYSTEM CONTROL NUMBER
System control number (OCoLC)27795952
040 ## - CATALOGING SOURCE
Original cataloging agency DLC
Transcribing agency NAlU
Modifying agency OCoLC
-- DLC
042 ## - AUTHENTICATION CODE
Authentication code premarc
050 00 - LIBRARY OF CONGRESS CALL NUMBER
Classification number PN6231.H4
Item number B45
100 1# - MAIN ENTRY--PERSONAL NAME
Personal name Bialostotzky, Benjamin Jacob,
Dates associated with a name 1892-1962.
245 10 - TITLE STATEMENT
Title Yidisher humor un yidishe leytzim
Statement of responsibility, etc. [fun] B. Y. Byalosṭotsḳi.
260 ## - PUBLICATION, DISTRIBUTION, ETC.
Place of publication, distribution, etc. Nyu-Yorḳ,
Name of publisher, distributor, etc. Tsiḳa,
Date of publication, distribution, etc. 734, 1963.
300 ## - PHYSICAL DESCRIPTION
Extent 282 p.
Dimensions 24 cm.
500 ## - GENERAL NOTE
General note Romanized.
500 ## - GENERAL NOTE
General note Added t.p.: Jewish humor and Jewish jesters.
504 ## - BIBLIOGRAPHY, ETC. NOTE
Bibliography, etc. note Bibliographical references included in "Heʻaros̀" (p. 279-282)
650 #0 - SUBJECT ADDED ENTRY--TOPICAL TERM
Topical term or geographic name entry element Jewish wit and humor.
740 0# - ADDED ENTRY--UNCONTROLLED RELATED/ANALYTICAL TITLE
Uncontrolled related/analytical title Jewish humor and Jewish jesters.

No items available.

Powered by Koha